The assassination of Margaret Thatcher : (Record no. 4659)

MARC details
000 -LEADER
fixed length control field 02995cam a2200337 4500
001 - CONTROL NUMBER
control field 5533
005 - DATE AND TIME OF LATEST TRANSACTION
control field 20181127175723.0
008 - FIXED-LENGTH DATA ELEMENTS--GENERAL INFORMATION
fixed length control field 140429s2014 nyu b 000 1 eng
010 ## - LIBRARY OF CONGRESS CONTROL NUMBER
LC control number 2014015900
020 ## - INTERNATIONAL STANDARD BOOK NUMBER
International Standard Book Number 9780007583089 (hardback)
Canceled/invalid ISBN 9781627792110 (electronic book)
042 ## - AUTHENTICATION CODE
Authentication code pcc
084 ## - OTHER CLASSIFICATION NUMBER
Classification number FIC029000
-- FIC019000
Number source bisacsh
100 1# - MAIN ENTRY--PERSONAL NAME
Personal name Mantel, Hilary,
Dates associated with a name 1952-
Relator term author.
240 10 - UNIFORM TITLE
Uniform title Short stories.
Form subheading Selections
245 14 - TITLE STATEMENT
Title The assassination of Margaret Thatcher :
Remainder of title stories /
Statement of responsibility, etc. Hilary Mantel.
250 ## - EDITION STATEMENT
Edition statement First U.S. Edition.
264 #1 - PRODUCTION, PUBLICATION, DISTRIBUTION, MANUFACTURE, AND COPYRIGHT NOTICE
Place of production, publication, distribution, manufacture London :
Name of producer, publisher, distributor, manufacturer Fourth Estate,
Date of production, publication, distribution, manufacture, or copyright notice 2014.
300 ## - PHYSICAL DESCRIPTION
Extent 242 pages ;
Dimensions 25 cm
336 ## - CONTENT TYPE
Content type term text
Content type code txt
Source rdacontent
337 ## - MEDIA TYPE
Media type term unmediated
Media type code n
Source rdamedia
338 ## - CARRIER TYPE
Carrier type term volume
Carrier type code nc
Source rdacarrier
500 ## - GENERAL NOTE
General note ""A John Macrae book.""
504 ## - BIBLIOGRAPHY, ETC. NOTE
Bibliography, etc. note Includes bibliographical references.
505 0# - FORMATTED CONTENTS NOTE
Formatted contents note Sorry to Disturb -- Comma -- Winter Break -- Harley Street -- Offences Against the Person -- How Shall I Know You? -- The Heart Fails Without Warning -- Terminus -- The Assassination of Margaret Thatcher.
520 ## - SUMMARY, ETC.
Summary, etc. ""From one of Britain's most accomplished, acclaimed, and garlanded writers, Hilary Mantel delivers a brilliant collection of contemporary short stories that demonstrate what modern England has becomeIn The Assassination of Margaret Thatcher, Hilary Mantel's trademark gifts of penetrating characterization, unsparing eye, and rascally intelligence are once again fully on display.Her classic wicked humor in each story--which range from a ghost story to a vampire story to near-memoir to mini-sagas of family and social fracture--brilliantly unsettles the reader in that unmistakably Mantel way. Mantel brutally and acutely writes about gender, marriage, class, family, and sex, cutting to the core of human experience. Unpredictable, diverse, and even shockingly unexpected, each story grabs you by the throat within a couple of sentences. The Assassination of Margaret Thatcher displays a magnificent writer at the peak of her powers. ""--
Assigning source Provided by publisher.
Summary, etc. ""In The Assassination of Margaret Thatcher, Hilary Mantel's trademark gifts of penetrating characterization, unsparing eye, and rascally intelligence are once again fully on display. Her classic wicked humor in each story--which range from a ghost story to a vampire story to near-memoir to mini-sagas of family and social fracture--brilliantly unsettles the reader in that unmistakably Mantel way. Mantel brutally and acutely writes about gender, marriage, class, family, and sex, cutting to the core of human experience. Unpredictable, diverse, and even shockingly unexpected, each story grabs you by the throat within a couple of sentences. The Assassination of Margaret Thatcher displays a magnificent writer at the peak of her powers""--
Assigning source Provided by publisher.
650 #7 - SUBJECT ADDED ENTRY--TOPICAL TERM
Topical term or geographic name entry element FICTION / Literary.
Source of heading or term bisacsh
Topical term or geographic name entry element FICTION / Short Stories (single author).
Source of heading or term bisacsh
700 12 - ADDED ENTRY--PERSONAL NAME
Personal name Mantel, Hilary,
Dates associated with a name 1952-
Title of a work Sorry to Disturb.
Holdings
Withdrawn status Lost status Source of classification or shelving scheme Damaged status Not for loan Collection code Home library Current library Shelving location Date acquired Serial Enumeration / chronology Inventory number Total Checkouts Full call number Barcode Date last seen Date last checked out Price effective from Koha item type
    Dewey Decimal Classification     Fiction RTC Library RTC Library Fiction 13/09/2021 8876 1 FIC 813.54 MAN 30008748 03/01/2022 13/09/2021 27/11/2018 Fiction
Royal Thimphu College || All Right Reserved